Statistics for Click the right song - Taylor Swift

Click here to take the quiz!

General Stats

  • This quiz has been taken 90 times
  • The average score is 15 of 20

Answer Stats

HintAnswer% Correct
We were both young when I first saw youLove Story
95%
Midnight, you come and pick me up no headlightsStyle
89%
He's so tall, and handsome as hellWildest Dreams
88%
You call me up again just to break me like a promise, so casually cruel in the name of being honestAll Too Well
86%
Once upon a time, a few mistakes ago, I was in your sights, you got me aloneI Knew You Were Trouble
84%
My heart's been borrowed and yours has been blueLover
84%
I hope I never lose you, hope it never endsCornelia Street
82%
Ocean blue eyes, looking in mine, I feel like I might sink and drown and dieGorgeous
80%
I'm only 17, I don't know anything, but I know I miss youBetty
77%
Your Midas touch on the Chevy door, November flush and your flannel cureChampagne Problems
77%
I was riding shotgun with my hair undone, in the front seat of his carOur Song
77%
I gave my blood, sweat and tears for this, I hosted parties and starved my bodyYou're On Your Own, Kid
73%
My town was a wasteland, full of cages, full of fencesMidnight Rain
68%
While you were out building other worlds, where was I?Tolerate It
68%
They're burning all the witches even if you aren't oneI Did Something Bad
66%
Clear blue water, high tide came and brought you inThis Love
66%
But you're just so cool, run your hands through your hairFearless
61%
You and I walk a fragile line, I have known it all this timeHaunted
55%
No matter what you say I still can't believe, that you would walk away, it don't make sense to meA Perfectly Good Heart
52%
I can't resist, before you go, tell me thisShould've Said No
48%

Score Distribution

Percentile by Number Answered

Percent of People with Each Score

Your Score History

You have not taken this quiz